| 000 -LEADER |
| fixed length control field |
01850cam a22003138i 4500 |
| 001 - CONTROL NUMBER |
| control field |
20520428 |
| 003 - CONTROL NUMBER IDENTIFIER |
| control field |
NUST |
| 005 - DATE AND TIME OF LATEST TRANSACTION |
| control field |
20221107162228.0 |
| 008 - FIXED-LENGTH DATA ELEMENTS--GENERAL INFORMATION |
| fixed length control field |
180529s2019 nju b 001 0 eng |
| 010 ## - LIBRARY OF CONGRESS CONTROL NUMBER |
| LC control number |
2018025509 |
| 020 ## - INTERNATIONAL STANDARD BOOK NUMBER |
| International Standard Book Number |
9781119465812 (hardcover) |
| 040 ## - CATALOGING SOURCE |
| Original cataloging agency |
DLC |
| Language of cataloging |
eng |
| Description conventions |
rda |
| Transcribing agency |
DLC |
| 082 00 - DEWEY DECIMAL CLASSIFICATION NUMBER |
| Classification number |
519.53,DEN |
| 100 1# - MAIN ENTRY--PERSONAL NAME |
| Personal name |
Denis, Daniel J., |
| Dates associated with a name |
1974- |
| Relator term |
author. |
| 9 (RLIN) |
102424 |
| 245 10 - TITLE STATEMENT |
| Title |
SPSS data analysis : |
| Remainder of title |
for univariate, bivariate, and multivariate statistics / |
| Statement of responsibility, etc. |
Daniel J. Denis. |
| 263 ## - PROJECTED PUBLICATION DATE |
| Projected publication date |
1808 |
| 264 #1 - PRODUCTION, PUBLICATION, DISTRIBUTION, MANUFACTURE, AND COPYRIGHT NOTICE |
| Place of production, publication, distribution, manufacture |
Hoboken, NJ : |
| Name of producer, publisher, distributor, manufacturer |
Wiley, |
| Date of production, publication, distribution, manufacture, or copyright notice |
2019. |
| 300 ## - PHYSICAL DESCRIPTION |
| Extent |
pages cm |
| 336 ## - CONTENT TYPE |
| Content type term |
text |
| Content type code |
txt |
| Source |
rdacontent |
| 337 ## - MEDIA TYPE |
| Media type term |
unmediated |
| Media type code |
n |
| Source |
rdamedia |
| 338 ## - CARRIER TYPE |
| Carrier type term |
volume |
| Carrier type code |
nc |
| Source |
rdacarrier |
| 505 ## - FORMATTED CONTENTS NOTE |
| Formatted contents note |
Review of Essential Statistical Principles (Page-1), Introduction to SPSS (Page-9), Exploratory Data Analysis, Basic Statistics, and Visual Displays (Page-19), Data Management in SPSS (Page-33), Inferential Tests on Correlations, Counts, and Means (Page-41), Power Analysis and Estimating Sample Size (Page-63), Analysis of Variance: Fixed and Random Effects (Page-69), Repeated Measures ANOVA (Page-91), Simple and Multiple Linear Regression (Page-103), Logistic Regression (Page-131), Multivariate Analysis of Variance (MANOVA) and Discriminant Analysis (Page-141), Principal Components Analysis (Page-163), Exploratory Factor Analysis (Page-175), Nonparametric Tests (Page-191), |
| 630 00 - SUBJECT ADDED ENTRY--UNIFORM TITLE |
| Uniform title |
SPSS (Computer file) |
| 9 (RLIN) |
23470 |
| 650 #0 - SUBJECT ADDED ENTRY--TOPICAL TERM |
| Topical term or geographic name entry element |
Analysis of variance |
| General subdivision |
Data processing. |
| 9 (RLIN) |
102425 |
| 650 #0 - SUBJECT ADDED ENTRY--TOPICAL TERM |
| Topical term or geographic name entry element |
Multivariate analysis |
| General subdivision |
Data processing. |
| 9 (RLIN) |
102426 |
| 650 #0 - SUBJECT ADDED ENTRY--TOPICAL TERM |
| Topical term or geographic name entry element |
Mathematical statistics |
| General subdivision |
Data processing. |
| 9 (RLIN) |
9989 |
| 776 08 - ADDITIONAL PHYSICAL FORM ENTRY |
| Relationship information |
Online version: |
| Main entry heading |
Denis, Daniel J., 1974- author. |
| Title |
SPSS data analysis for univariate, bivariate, and multivariate statistics |
| Place, publisher, and date of publication |
Hoboken, NJ : Wiley, 2019 |
| International Standard Book Number |
9781119465805 |
| Record control number |
(DLC) 2018029180 |
| 942 ## - ADDED ENTRY ELEMENTS (KOHA) |
| Source of classification or shelving scheme |
|
| Koha item type |
Reference |